000 00360nam a2200145Ia 4500
005 20251222153543.0
008 251222s9999||||xx |||||||||||||| ||spa||
020 _a8476982984
082 _a347.460.5/M84
100 _aMontero Aroca, Juan
245 0 _aDerecho Jurisdiccional III:
250 _a1ra. ed.
264 _bJ.M. Bosch Editor, S.A.
942 _cLIB
999 _c30536
_d30536